Logo BPK

Bibliografia Prac Pracowników

Politechniki Koszalińskiej

Podstawy elektrotechniki i elektroniki dla nieelektryków : (Rekord nr 6479)

Szczegóły MARC
000 -ETYKIETA REKORDU
podpole kontrolne o stałej długości 01026nam a2200205 i 4500
001 - NUMER KONTROLNY REKORDU
podpole kontrolne 6479
003 - IDENTYFIKATOR NUMERU KONTROLNEGO REKORDU
podpole kontrolne KOSZ 005
005 - DATA OSTATNIEJ MODYFIKACJI REKORDU
podpole kontrolne 20180414113651.0
008 - POLE O STAŁEJ DŁUGOŚCI - DANE KONTROLNE
podpole kontrolne o stałej długości 151118s2012 pl a f f |000 0 pol
040 ## - ŹRÓDŁO KATALOGOWANIA
Instytucja, która utworzyła rekord BPK
Instytucja, która dokonała modyfikacji KOSZ 005/HR
080 ## - UNIWERSALNA KLASYFIKACJA DZIESIĘTNA - UKD
UKD 621.3
100 1# - NAZWA OSOBOWA
Nazwa osobowa SMYCZEK, Jerzy.
Lata pracy 1996 - 2014.
Instytucja Politechnika Koszalińska - Wydział Mechaniczny,
Wydział Katedra Zastosowań Elektroniki i Elektrotechniki
245 10 - TYTUŁ/ODPOWIEDZIALNOŚĆ
Tytuł Podstawy elektrotechniki i elektroniki dla nieelektryków :
Ciąg dalszy tytułu laboratorium.
Oznaczenie części/sekcji dzieła T. 2 /
Pozostałe elementy strefy tytułu i oznaczenia odpowiedzialności praca zbiorowa pod red. Jerzego Smyczka.
260 ## - STREFA ADRESU WYDAWNICZEGO
Miejsce wydania Koszalin :
Nazwa wydawcy/dystrybutora Wydaw. Uczelniane Politechniki Koszalińskiej,
Data publikacji, dystrybucji/powstania dokumentu 2012.
500 ## - UWAGI OGÓLNE
Tekst uwagi Dane z autopsji.
520 ## - UWAGA DOTYCZĄCA TREŚCI DOKUMENTU
Analiza dokumentacyjna, adnotacja itp. Skrypt przeznaczony jest dla studentów wydziałów nieelektrycznych wyższych szkół technicznych. Zawiera materiał z zakresu układów elektronicznych oraz niektórych zastosowań elektroniki i elektrotechniki przydatnych na poszczególnych kierunkach i specjalnościach.
650 #0 - HASŁO PRZEDMIOTOWE W FORMIE NAZWY OGÓLNEJ LUB JEDNOSTKOWEJ
Nazwa ogólna lub geograficzna Elektrotechnika.
650 #0 - HASŁO PRZEDMIOTOWE W FORMIE NAZWY OGÓLNEJ LUB JEDNOSTKOWEJ
Nazwa ogólna lub geograficzna Elektronika.
942 ## - HASŁO DODATKOWE - ELEMENTY(KOHA)
Typ dokumentu Książka
Schemat klasyfikacji Uniwersalna klasyfikacja dziesiętna
Egzemplarze
Wycofany Zagubiony Uszkodzony Dostępność Lokalizacja stała Lokalizacja bieżąca Sygnatura Typ dokumentu
      Dostępny Bibliografia Prac Pracowników - BPK Bibliografia Prac Pracowników - BPK 101576 Książka
© 2014 Biblioteka Politechniki Koszalińskiej :: BIBLIOGRAFIA PRAC PRACOWNIKÓW